000
00285nam a22001217a 4500
999
_c
155408
_d
155408
082
_a
_b
100
_a
Sankara Kurup G
245
_a
G yute thiranjedutha kavithakal/
_c
by Sankara Kurup G.
260
_a
Kottayam:
_b
D C Books,
_c
2008.
300
_a
426p.
650
_a
942
_c
BK